Cuentos de terror del Barco negro / (Registro nro. 4126)
[ vista simple ]
| 000 -LEADER | |
|---|---|
| fixed length control field | 01864nam a2200349Ia 4500 |
| 003 - CONTROL NUMBER IDENTIFIER | |
| control field | OSt |
| 005 - DATE AND TIME OF LATEST TRANSACTION | |
| control field | 20220104163753.0 |
| 008 - FIXED-LENGTH DATA ELEMENTS--GENERAL INFORMATION | |
| fixed length control field | 191128s2010 ck a br 000 j spa d |
| 020 ## - INTERNATIONAL STANDARD BOOK NUMBER | |
| International Standard Book Number | 9789584529022 |
| 040 ## - CATALOGING SOURCE | |
| Original cataloging agency | CO-JMCR |
| Transcribing agency | CO-JMCR |
| 041 1# - LANGUAGE CODE | |
| Language code of text/sound track or separate title | spa |
| Language code of original | eng |
| 082 04 - DEWEY DECIMAL CLASSIFICATION NUMBER | |
| Classification number | C / |
| Item number | PRIc |
| 100 1# - MAIN ENTRY--PERSONAL NAME | |
| Personal name | Priestley, Chris, |
| Relator term | autor |
| 9 (RLIN) | 1436 |
| 245 10 - TITLE STATEMENT | |
| Title | Cuentos de terror del Barco negro / |
| Statement of responsibility, etc. | Chris Priestley ; traducción de Julio Paredes y María Villa ; ilustraciones de David Roberts |
| 250 ## - EDITION STATEMENT | |
| Edition statement | Primera edición |
| 260 ## - PUBLICATION, DISTRIBUTION, ETC. | |
| Place of publication, distribution, etc. | Bogotá : |
| Name of publisher, distributor, etc. | Norma, |
| Date of publication, distribution, etc. | 2010 |
| 300 ## - PHYSICAL DESCRIPTION | |
| Extent | 261 Páginas : |
| Other physical details | Ilustraciones a blanco y negro ; |
| Dimensions | 19 cm. |
| 490 0# - SERIES STATEMENT | |
| Series statement | Torre de papel. Amarillo |
| 500 ## - GENERAL NOTE | |
| General note | Datos del autor en solapa posterior. |
| 505 0# - FORMATTED CONTENTS NOTE | |
| Formatted contents note | La tormenta -- Piroska -- Betún -- Irezumi -- El muchacho del bote -- Naturaleza -- Fango -- El mono -- El diablo tallado -- El barco negro -- Matalobos |
| 520 ## - SUMMARY, ETC. | |
| Summary, etc. | Mientras Ethan y Cathy esperan en la vieja posada a que su padre regrese con le médico, llega un visitante misterioso: un marinero lleno de cuentos espeluznantes que cautivan a los jóvenes desde el primer momento. Pero hay algo acerca de este personaje que inquieta a Ethan, quien cada minuto está más ansioso. Solo cuando la tempestad se detiene, se relaja...pero no por mucho tiempo, porque el nuevo amanecer abre los ojos de los niños a una verdad más aterradora que cualquier historia de marinos. |
| 521 ## - TARGET AUDIENCE NOTE | |
| Target audience note | A partir de los 11 años |
| Source | Tapa posterior |
| 534 ## - ORIGINAL VERSION NOTE | |
| Introductory phrase | Tales of terror from the black Ship |
| 546 ## - LANGUAGE NOTE | |
| Language note | Traducido del inglés |
| 650 14 - SUBJECT ADDED ENTRY--TOPICAL TERM | |
| Topical term or geographic name entry element | Centos infantiles ingleses |
| 9 (RLIN) | 1437 |
| 650 14 - SUBJECT ADDED ENTRY--TOPICAL TERM | |
| Topical term or geographic name entry element | Cuentos de terror |
| General subdivision | literatura |
| 9 (RLIN) | 1438 |
| 650 24 - SUBJECT ADDED ENTRY--TOPICAL TERM | |
| Topical term or geographic name entry element | Literatura inglesa |
| 9 (RLIN) | 563 |
| 700 1# - ADDED ENTRY--PERSONAL NAME | |
| Personal name | Paredes, Julio, |
| Relator term | traductor |
| 9 (RLIN) | 864 |
| 700 1# - ADDED ENTRY--PERSONAL NAME | |
| Personal name | Villa, María, |
| Relator term | traductora |
| 9 (RLIN) | 1439 |
| 700 1# - ADDED ENTRY--PERSONAL NAME | |
| Personal name | Roberts, David, |
| Relator term | ilustrador |
| 9 (RLIN) | 1440 |
| 942 ## - ADDED ENTRY ELEMENTS (KOHA) | |
| Source of classification or shelving scheme | Dewey Decimal Classification |
| Koha item type | Books |
| Withdrawn status | Lost status | Source of classification or shelving scheme | Damaged status | Not for loan | Collection code | Home library | Current library | Date acquired | Source of acquisition | Cost, normal purchase price | Total Checkouts | Full call number | Barcode | Date last seen | Date last checked out | Copy number | Price effective from | Koha item type |
|---|---|---|---|---|---|---|---|---|---|---|---|---|---|---|---|---|---|---|
| Dewey Decimal Classification | Fiction | Biblioteca Pública José María del Castillo y Rada | Biblioteca Pública José María del Castillo y Rada | 08/13/2018 | Donación | 0.00 | 9 | C / PRIc | 201808932 | 02/27/2026 | 02/27/2026 | Ej.1 | 11/28/2019 | Books |